000 00961njm a2200277Ia 4500
001 A7985
003 IT-RoPAU
005 20220918181137.0
008 131025s9999 xx 000 0 und d
040 _aIT-RoPAU
040 _cIT-RoPAU
999 _c100995
_d100995
999 _bn.d.
100 _aStrauss Johann Jr.
_95717
100 _eAutore musica
_928406
100 _gCodice autore musica SPICS: 11164
_95719
245 _aStrauss en blanc et noir
250 _a1a ed.
260 _aITALIA
260 _bOPTI.ME S.
_c1992 [1a Ed.:1992]
300 _aCOMPACT DISC
500 _aMusica classica, strumentale. Arrangiamento
505 _aWahlstimmen - Kaiser Walzer - Rosen Aus Dem Sudeng' Schichten Aus Dem Wienerwald - Du Und Du - Schatz Walzer - Fruhlingsstimmen - An Der Schonen Blauen Donau
650 _aVALZER [COMPACT DISC]
_eCodice MATERIA SPICS: 9949
_928407
700 _aCappello Roberto
_gCodice interprete SPICS: 36612
_eInterprete
_928408
942 _cCD
_2ddc